00539nam a2200145Ia 4500008004100000082001500041100001600056245004400072260004700116300000800163650000800171942001200179999001100191952019100202191201s2009 xx 000 0 und d a658.3bSUP aSUBBARAO, P 0aPersonnel and Human Resource Management aN. DelhibHimalaya Publication Housec2009 a476 aBBA 2ddccBK c55d55 00102ddc40708BBAaPIETbPIETd2014-02-24eDonated by Parul Gupta MBAkDonated by Parul Gupta MBAl0o658.3 SUPp23005r2019-12-04 00:00:00w2014-02-21yBKzDonated by Parul Gupta MBA